000
00280nam a22001337a 4500
008
181210b xxu||||| |||| 00| 0 eng d
020
_a
9781556591778
041
_a
eng
080
_a
821
100
_a
24
101
_a
GJU
245
_a
tHE gAGED oWL
_c
oRR.g
942
_2
udc
_c
BK
999
_c
53120
_d
53120